Gotham who said it? Quiz Stats

 Plays Quiz not verified by Sporcle

Challenge
Share
Tweet
Embed
Score 0/15 Timer 06:00
0 Plays Today
Quote Answer % Correct
????
99.8%
????
88.7%
????
83.2%
????
62.6%
????
41.8%
????
36%
????
29.2%
????
24.2%
Quote Answer % Correct
????
20.8%
????
20.5%
????
16.9%
????
16.8%
????
16.3%
????
11.9%
????
11.6%

You're not logged in!

Compare scores with friends on all Sporcle quizzes.
Join for Free
OR
Log In

You Might Also Like...

Show Comments

Extras

Created May 5, 2015ReportFavoriteNominate
Tags:Quote Quiz

Top Quizzes Today


Score Distribution

Your Account Isn't Verified!

In order to create a playlist on Sporcle, you need to verify the email address you used during registration. Go to your Sporcle Settings to finish the process.

Report this User

Report this user for behavior that violates our Community Guidelines.

Details: